000 00416ntaaa2200169 4500
003 01
005 20251027202554.0
008 0714s1973 ag 01
040 _aAR-BaBN
_bspa
_cAR-BaBN
_eaacr
_dRIC
082 _a301.4280 M33
100 _aMariano, John H
_924824
245 _aEl divorcio y la separación
250 _a1 ed.
260 _aBuenos Aires :
_bEdiciones Hormé,
_c1966
300 _a181 p
942 _cBK
999 _c20822
_d20822